|
|
|
|
| LEADER |
02037caa a22003372c 4500 |
| 001 |
1509261273 |
| 003 |
DE-627 |
| 005 |
20220603102958.0 |
| 007 |
cr uuu---uuuuu |
| 008 |
150722s2006 xx |||||oo 00| ||ger c |
| 035 |
|
|
|a (DE-627)1509261273
|
| 035 |
|
|
|a (DE-576)439261279
|
| 035 |
|
|
|a (DE-599)BSZ439261279
|
| 040 |
|
|
|a DE-627
|b ger
|c DE-627
|e rakwb
|
| 041 |
|
|
|a ger
|
| 100 |
1 |
|
|a Mellies, Dirk
|d 1978-
|0 (DE-588)132736772
|0 (DE-627)525927468
|0 (DE-576)262702010
|4 aut
|
| 245 |
1 |
0 |
|a Tanja Blattner, Die erstrebte Umwandlung württembergischer Lateinschulen in Realschulen 1835 bis 1848 : Erfolge und Misserfolge eines der württembergischen Schultradition zuwiderlaufenden Reformvorhabens des Innen- und Kultusministers Johannes von Schlayer, Göttingen, Vandenhoeck & Ruprecht, 2005, 494 S., ISBN 3-89971-277-3 [Elektronische Ressource]
|b Rezension
|c rezensiert von Dirk Mellies
|
| 264 |
|
1 |
|c 2006
|
| 336 |
|
|
|a Text
|b txt
|2 rdacontent
|
| 337 |
|
|
|a Computermedien
|b c
|2 rdamedia
|
| 338 |
|
|
|a Online-Ressource
|b cr
|2 rdacarrier
|
| 533 |
|
|
|a Reproduktion
|e Online-Ressource
|
| 655 |
|
7 |
|a Rezension
|0 (DE-588)4049712-4
|0 (DE-627)106186019
|0 (DE-576)209083166
|2 gnd-content
|
| 773 |
0 |
8 |
|i In
|t Sehepunkte
|d München : Ludwig-Maximilians-Univ., 2001
|g 6(2006), 6
|h Online-Ressource
|w (DE-627)33678273X
|w (DE-600)2062440-2
|w (DE-576)117978736
|x 1618-6168
|7 nnas
|
| 773 |
1 |
8 |
|g volume:6
|g year:2006
|g number:6
|
| 787 |
0 |
8 |
|i Rezension von
|a Tanja Blattner, Die erstrebte Umwandlung württembergischer Lateinschulen in Realschulen 1835 bis 1848 : Erfolge und Misserfolge eines der württembergischen Schultradition zuwiderlaufenden Reformvorhabens des Innen- und Kultusministers Johannes von Schlayer, Göttingen, Vandenhoeck & Ruprecht, 2005, 494 S., ISBN 3-89971-277-3 [Elektronische Ressource]
|
| 856 |
4 |
0 |
|u http://www.sehepunkte.de/2006/06/10271.html
|x Verlag
|3 Volltext
|7 1
|
| 951 |
|
|
|a AR
|
| 994 |
|
|
|u https://www.sehepunkte.de/2006/06/10271.html
|
| 991 |
|
|
|a Rezension (Monographie, Zeitschrift, Aufsatz)
|
| 999 |
|
|
|a KXP-PPN1509261273
|e 4978355605
|